Ciencias naturales 9 /

Guardado en:
Autor Principal: Barderi, María Gabriela
Otros Autores: Franco, Ricardo, Frid, Débora, J., Hardmeier, Patricia M.
Formato: Libro
Publicado: Buenos Aires : Santillana, 2006
Series:Todos Protagonistas
Materias:
Etiquetas: Agregar Etiqueta
Sin Etiquetas, Sea el primero en etiquetar este registro!
LEADER 01690nam a22003015a 4500
001 CEM.cems012407
005 20080229090712.0
008 130507s2006##################000#0#####d
003 CEMS
020 |a 9504615767 
082 0 4 |a Z570 
100 1 |a Barderi, María Gabriela 
245 1 0 |a Ciencias naturales 9 /  |c María Gabriela Barderi ... [et Al.] 
260 |a Buenos Aires :  |b Santillana,  |c 2006 
300 |a 256 p. 
490 0 |a Todos Protagonistas 
500 |a Para 9º año Egb. 
505 0 |a Física -- La energía y sus transformaciones -- La electricidad -- Fenómenos ondulatorios -- Química -- Uniones químicas -- Los compuestos químicos -- Las reacciones químicas -- Composición química de los seres vivos -- Biología -- La actividad celular -- Los seres vivos y el ambiente -- El sistema neuroendocrino humano -- El sistema osteoartromuscular -- Las defensas del organismo humano -- Genética y herencia -- Biotecnología e ingeniería genética -- Origen y evolución de la vida -- La evolución humana -- Ciencias de la tierra y del espacio -- La tierra en el universo -- La evolución del universo -- La evolución del universo y de la tierra 
653 |a Biología 
653 |a Ciencias naturales-9º egb 
653 |a Ciencias naturales 
700 1 |a Franco, Ricardo 
700 1 |a Frid, Débora, J. 
700 1 |a Hardmeier, Patricia M. 
859 |a CEMS  |b BIB. CEMS - 11 de abril  |h Z570  |i B235  |p 23767.07  |t Ej.3  |v 9º  |3 9º 
859 |a CEMS  |b BIB. CEMS - 11 de abril  |h Z570  |i B235  |p 23770.07  |t Ej.1  |v 9º  |3 9º 
859 |a CEMS  |b BIB. CEMS - 11 de abril  |h Z570  |i B235  |p 23771.07  |t Ej.2  |v 9º  |3 9º 
859 |a CEMS  |b BIB. CEMS - 11 de abril  |h Z570  |i B235  |p 25935.10  |t Ej.4  |v 9º  |3 9º